01198 2200301 4500001002100000005001500021035002000036007000300056008004100059020002200100082001000122084001900132100002400151245005700175250002400232300004500256650001400301650001200315700001700327504003000344520037300374264004300747336002100790337003000811338002300841990001600864990001600880INLIS00000000116248120221102023809 a0010-1122000014ta221102 g 0 ind  a978-602-1634-26-4 a959.8 aSR 959.8 HEN o0 aHendi Joepengarang1 aOrang-orang di garis depan /cHendi Jo; editor, Mapa aCetakan kedua, 2019 axiv, 370 halaman :bilustrasi ;c20,5 cm 4aIndonesia 4aSejarah0 aMapaeeditor aBibliografi : halaman 357 aBuku ini berkisah tentang para pahlawan yang terlupakan. Mereka pada era revolusi ada dalam garis yang tegas dan kadang harus saing bunuh. Kepada Hendi Jo, seorang jurnalis sejarah, mereka bercerita apa adanya tentang semua: kesedihan, kegembiraan, kekecewaan atau sekadar cerita masa-masa tua mereka yang harus beriringan dengan kenangan buruk akan brutalitas perang. aYogyakarta :bMatapadi Presindo,c2019 2rdacontentaTeks 2rdamediaaTanpa perantara 2rdacarrieraVolume a50435.63255 a50436.63256